Khảo sát tình hình khai thác, thành phần giống loài và vai trò của nguồn lợi thủy sản đối với cư dân vùng lũ thượng nguồn sông Mekong đoạn chảy vào Việt Nam : Báo cáo tổng kết đề tài khoa học và công nghệ cấp Trường

Nội dung đề tài khảo sát tình hình khai thác nguồn lợi thủy sản ở mùa lũ và mùa cạn, thành phần giống loài theo mùa lũ và mùa cạn và tìm hiểu vai trò ảnh hưởng củ nguồn lợi thủy sản lên kinh tế người dân ở mùa lũ....

Descrizione completa

Salvato in:
Dettagli Bibliografici
Autore principale: Trần, Xuân Lợi
Natura: Libro
Lingua:Undetermined
Pubblicazione: Cần Thơ Trường Đại học Cần Thơ 2010
Soggetti:
Tags: Aggiungi Tag
Nessun Tag, puoi essere il primo ad aggiungerne! !
Thư viện lưu trữ: Trung tâm Học liệu Trường Đại học Cần Thơ
LEADER 01340nam a2200241Ia 4500
001 CTU_203827
008 210402s9999 xx 000 0 und d
082 |a 338.371 
082 |b L462 
088 |a T2009-35 
100 |a Trần, Xuân Lợi 
245 0 |a Khảo sát tình hình khai thác, thành phần giống loài và vai trò của nguồn lợi thủy sản đối với cư dân vùng lũ thượng nguồn sông Mekong đoạn chảy vào Việt Nam : 
245 0 |b Báo cáo tổng kết đề tài khoa học và công nghệ cấp Trường 
245 0 |c Trần Xuân Lợi (Chủ nhiệm đề tài) 
260 |a Cần Thơ 
260 |b Trường Đại học Cần Thơ 
260 |c 2010 
520 |a Nội dung đề tài khảo sát tình hình khai thác nguồn lợi thủy sản ở mùa lũ và mùa cạn, thành phần giống loài theo mùa lũ và mùa cạn và tìm hiểu vai trò ảnh hưởng củ nguồn lợi thủy sản lên kinh tế người dân ở mùa lũ. 
650 |a Aquaculture,Thủy sản 
650 |x Economic aspects,Khía cạnh kinh tế 
904 |i Tuyến 
915 |a TS 
980 |a Trung tâm Học liệu Trường Đại học Cần Thơ